00994 a2200253 4500001000700000020001500007040003200022090000800054100003000062245003300092250001300125260002900138300003400167362000900201490002400210520029400234650001200528650002500540650002500565650003200590942000700622952009200629999001900721119753 a0590649264 cEscola Canadense de Niteroi aWAR aWarner, Gertrude Chandler10aThe mystery in San Francisco a1st. ed. aUnited States of America a119 p.c5 x 0.3 x 7.63 inches0 a19970 aThe boxcar children aThe Aldens visit San Francisco! While sightseeing down by the docks, they learn that someone has been cutting nets and causing trouble for the local fisherman. Can the Aldens discover who is trying to shut down the fishing business before the fisherman have to anchor their boats for good? 4aOrphans 4aBrothers and Sisters 4aJuvenile Literature  4aMystery, Thriller or Terror cBK 00104070a80.1b80.1d2024-02-09l0oWARpA13772r2024-02-09 21:15:26w2024-02-09yBK c119753d119753